00341pab a2200133 454500008004000000100001700040245006600057260000900123300001300132362000800145650002000153700001800173773001600191180718b2006 xxu||||| |||| 00| 0 eng d aMulay, Shree aMarketing of assisted human reproduction and the Indian state c2006 ap.84-93. aDec aHealth services aGibson, Emily aDevelopment